| 000 | 01599ngm a2200409 4500 | ||
|---|---|---|---|
| 003 | dpl | ||
| 005 | 20081120113722.0 | ||
| 007 | DVD | ||
| 008 | ||||||sp199 xxu|||||c ||| 00| 0 ng d | ||
| 010 | _aDVD-001262-1264 | ||
| 024 |
_aYRD 60160 _c149.00 |
||
| 035 | _aDVD-001262-1264 | ||
| 040 |
_aDPL _cDPL |
||
| 082 | _aDVD / FANA | ||
| 245 |
_aFanaa _cYas Raj Films Presents _h[videorecording] DVD/ |
||
| 246 | _a. | ||
| 260 | _bYash Raj Films | ||
| 300 |
_a1 videodisc DVD; _bsd., col. ; _c4 3/4 in. _fDVD |
||
| 440 | _aYash Raj Films | ||
| 538 | _aDolby Digital 5.1 - Hindi Subtitles: English | ||
| 538 | _a16:9 Presentation, Theatrical Trailor, Alternate End | ||
| 650 | _aMotion Picture | ||
| 700 | _aChopra, Yash | ||
| 700 | _aKohli, Kunal | ||
| 700 | _aChopra, Aditya | ||
| 700 | _aJatin-Lalit | ||
| 700 | _aJoshi, Prasoon | ||
| 700 | _aChandran, Ravi K. | ||
| 700 | _aBathija, Shibani | ||
| 700 | _aAamir Khan | ||
| 700 | _aKajol | ||
| 942 |
_cCF _2ddc _hDVD _mFANA |
||
| 999 |
_c18879 _d18879 |
||